| 000 | 01052cam a22003377a 4500 | ||
|---|---|---|---|
| 003 | CHAP | ||
| 005 | 20220817041930.0 | ||
| 008 | 971013s1978 r 00010 d | ||
| 010 | _a29135 | ||
| 011 | _a30107 | ||
| 035 | _a34219 | ||
| 040 | _cCHAP | ||
| 090 | _aFolleto 5038 | ||
| 100 | 0 | 0 |
_aLeón, M. de. _966228 |
| 245 | 1 | 3 | _aLa colza oleaginosa |
| 260 |
_aMadrid : _bMinisterio de Agricultura, _c1978 |
||
| 300 |
_a20 p. _b: ilus. |
||
| 490 | 0 |
_aMinisterio de Agricultura. Hojas divulgadoras _v; 17/78 |
|
| 500 | _aMutilado pp.1-2 | ||
| 590 |
_aBATCH-UPD _b10 _c20130110 _lUCH01 _h0238 |
||
| 590 |
_aBATCH-UPD _b10 _c20130110 _lUCH01 _h1054 |
||
| 590 |
_aBATCH-UPD _b10 _c20130410 _lUCH01 _h1508 |
||
| 590 |
_aBATCH-UPD _b10 _c20130914 _lUCH01 _h1012 |
||
| 590 |
_aCONVERSION _b10 _c20130109 _lUCH01 _h1317 |
||
| 650 | 1 | 4 |
_aColza. _925500 |
| 650 | 1 | 4 |
_aPlantas oleaginosas. _989032 |
| 830 | 0 |
_aMinisterio de Agricultura. Hojas divulgadoras _v; 17/78 |
|
| 901 | _aBK | ||
| 942 | _cFOLL | ||
| 949 |
_aFolleto 5038 _bBC _cFOLL _d-79305 _eTS1 _i34219 _mD _si |
||
| 999 |
_c29135 _d29135 |
||